000 00769nam a2200181Ia 4500
008 090630s9999 xx 000 0 und d
082 _b12180
100 _aडॉ. रानडे सुभाष व डॉ. केतकर अनंत.
245 _aफिजीओ थेरपी.
_cडॉ. रानडे सुभाष व डॉ. केतकर अनंत.
260 _bअनमोल पुणे.
300 _a95
600 _aडॉ. रानडे सुभाष व डॉ. केतकर अनंत.
630 _aफिजीओ थेरपी.
655 _aइतर.
700 _aडॉ. रानडे सुभाष व डॉ. केतकर अनंत.
730 _aफिजीओ थेरपी.
942 _cBOOK
999 _c264036
_d264036